mapa ameryki północnej - Statystyki

Ogólne statystyki
  • Ten quiz został rozwiązany 19 razy
  • Średni wynik to 46 z 87
Statystyki odpowiedzi
Hint Odpowiedź % Poprawnych
półwysep alaska
100%
zatoka alaska
100%
kraina geograficzna alaska
100%
półwysep floryda
100%
wyspa haiti
100%
wyspa jamajka
100%
półwysep kalifornijski
100%
morza karaibskie
100%
wyspa kuba
100%
rzeka missisipi
100%
rzeka missouri
100%
kanał panamski
100%
wyspa bahamy
75%
morze beauforta
75%
jezioro erie
75%
jezioro górne
75%
półwysep jukatan
75%
rzeka jukon
75%
zatoka kalifornijska
75%
rzeka kolorado
75%
półwysep labrador
75%
zatoka meksykańska
75%
jezioro ontario
75%
rzeka rio grande
75%
jezioro wielkie jezioro niedźwiedzie
75%
jezioro wielkie jezioro niewolnicze
75%
wyspa aleuty
50%
kraina geograficzna appalachy
50%
morze baffina
50%
morza beringa
50%
cieśnina beringa
50%
wyspa bermudy
50%
morze czukockie
50%
szczyty i wulkany denali
50%
wyspa ellesmere'a
50%
wyspa grenlandia
50%
zatoka hudsona
50%
jezioro huron
50%
kraina geograficzna kordyliery
50%
rzeka mackenzie
50%
kraina geograficzna mackenzie
50%
jezioro michigan
50%
jezioro nikaragua
50%
kraina geograficzna nizina atlantycka
50%
kraina geograficzna nizina hudsona
50%
kraina geograficzna nizina zatokowa
50%
wyspa nowa fundlandia
50%
szczyty i wulkany orizaba
50%
wyspa portoryko
50%
morza sargassowe
50%
kraina geograficzna sierra nevada
50%
rzeka snake
50%
rzeka świętego wawrzyńca
50%
wyspa vancouver
50%
kraina geograficzna wielkie równiny
50%
wyspa wiktorii
50%
jezioro winnipeg
50%
kraina geograficzna wyżyna meksykańska
50%
wyspa ziemia baffina
50%
jezioro athabaska
25%
wyspa banksa
25%
przylądek barrow
25%
kraina geograficzna brooksa
25%
przylądek canaveral
25%
cieśnina davisa
25%
przylądek farvel
25%
kraina geograficzna kaskadowe
25%
rzeka kolumbia
25%
przylądek ks. walii
25%
wyspa małe antyle
25%
szczyty i wulkany mont pelee
25%
kraina geograficzna nadbrzeżne
25%
rzeka nelson
25%
kraina geograficzna nizina wewnętrzna
25%
półwysep nowa szkocja
25%
jezioro reniferowe
25%
kraina geograficzna sierra madre wschodnia
25%
kraina geograficzna sierra madre zachodnia
25%
kraina geograficzna skaliste
25%
wyspa św wawrzyńca
25%
zatoka św wawrzyńca
25%
półwysep ungawa
25%
kraina geograficzna wielka kotlina
25%
kraina geograficzna wielka pustynia słona
25%
wyspa wielkie antyle
25%
jezioro wielkie jezioro słone
25%
kraina geograficzna wyżyna kolorado
25%
Nie znaleziono quizów pasujących do podanych kryteriów
Rozkład punktacji
Procent ludzi z każdym wynikiem
Percentyl według liczby udzielonych odpowiedzi
Twoja historia wyników
Nie rozwiązałeś tego quizu